Destinos del Aeropuerto Int. de Mazatlán - Estadísticas

Estadísticas generales
  • Esta prueba ha sido intentada 3 veces
  • La puntuación promedio es 8 de 23
Estadísticas de respuestas
Aerolíneas Destino % Correcto
Aeroméxico
Viva
Volaris
Ciudad de México (MEX)
100%
MexicanaViva Ciudad de México (NLU)
100%
American Airlines Dallas-Fort Worth
100%
Alaska Airlines Los Ángeles
100%
Viva Monterrey
100%
Viva Volaris Tijuana
100%
Viva Chihuahua
67%
United Airlines Houston
67%
Cabo Flight Center Cabo San Lucas
33%
Viva Ciudad Juárez
33%
TAR México Querétaro
33%
WestJet Calgary
0%
WestJet Edmonton
0%
WestJet Kelowna
0%
TAR México La Paz
0%
Delta AirlinesSun Country Airlines Mineápolis
0%
WestJet Montreal
0%
American Airlines Phoenix
0%
WestJet Regina
0%
WestJet Saskatoon
0%
WestJet Toronto
0%
WestJet Vancouver
0%
WestJet Winnipeg
0%
No se encontraron pruebas coincidentes
Distribución de puntuación
Porcentaje de gente con cada puntuación
Porcentaje por número respondido
Historial de tus puntuaciones
No has intentado esta prueba.